A browse in the park (Record no. 65481)

MARC details
000 -LEADER
fixed length control field 01258cam a2200277 4500
001 - CONTROL NUMBER
control field ABS63177
008 - FIXED-LENGTH DATA ELEMENTS--GENERAL INFORMATION
fixed length control field 000000n2000 000 0 eng u
035 ## - SYSTEM CONTROL NUMBER
System control number (Sirsi) u109684
100 ## - MAIN ENTRY--PERSONAL NAME
Personal name Lewis, R
245 #2 - TITLE STATEMENT
Title A browse in the park
260 ## - PUBLICATION, DISTRIBUTION, ETC.
Place of publication, distribution, etc. 652000
490 ## - SERIES STATEMENT
Series statement Estates Gazette
Volume/sequential designation (0047) 25 November 2000, 164-165(2)
520 ## - SUMMARY, ETC.
Summary, etc. Discusses the growth of business park intranets and outlines benefits for tenants, employees and landlords. MEPC's New Square Park intranet is leisure-based, and offers employees information on local amenities. In contrast, Arlington has launched a more business-focused intranet which provides tenant companies with information on leasing a park unit or office space. Also looks at the intranet launched by Jones Lang LaSalle at its West End Berkeley Square House offices, which offers occupants online service tools, property and contract information and leisure facilities.
590 ## - LOCAL NOTE (RLIN)
Local note ABS
650 ## - SUBJECT ADDED ENTRY--TOPICAL TERM
Topical term or geographic name entry element LEISURE FACILITIES
650 ## - SUBJECT ADDED ENTRY--TOPICAL TERM
Topical term or geographic name entry element TENANTS
650 ## - SUBJECT ADDED ENTRY--TOPICAL TERM
Topical term or geographic name entry element EMPLOYEES
650 ## - SUBJECT ADDED ENTRY--TOPICAL TERM
Topical term or geographic name entry element BUSINESS PARKS
650 ## - SUBJECT ADDED ENTRY--TOPICAL TERM
Topical term or geographic name entry element INTRANETS
650 ## - SUBJECT ADDED ENTRY--TOPICAL TERM
Topical term or geographic name entry element BUSINESS INFORMATION
650 ## - SUBJECT ADDED ENTRY--TOPICAL TERM
Topical term or geographic name entry element MEPC
650 ## - SUBJECT ADDED ENTRY--TOPICAL TERM
Topical term or geographic name entry element JONES LANG LASALLE
650 ## - SUBJECT ADDED ENTRY--TOPICAL TERM
Topical term or geographic name entry element ARLINGTON
690 ## - LOCAL SUBJECT ADDED ENTRY--TOPICAL TERM (OCLC, RLIN)
Topical term or geographic name as entry element INFORMATION TECHNOLOGY-INTERNET
942 ## - ADDED ENTRY ELEMENTS (KOHA)
Suppress in OPAC 0
Holdings
Withdrawn status Lost status Source of classification or shelving scheme Damaged status Not for loan Home library Current library Shelving location Date acquired Total Checkouts Full call number Barcode Date last seen Copy number Price effective from Koha item type
    Dewey Decimal Classification     London London Journal article 04/12/2000   ABS63177 109684-1001 06/08/2019 1 06/08/2019 Journal article